Responses for Show #9183 - Wednesday, October 16, 2024

Rishabh Wuppalapati game 2.

Contestants

[<< previous game]

Rachel Cassidy, an associate professor from Providence, Rhode Island

Jay Eversman, an environmental attorney from Saint Louis, Missouri

Rishabh Wuppalapati, an undergraduate student at the University of Pennsylvania from Vernon Hills, Illinois (whose 1-day cash winnings total $22,201)

[next game >>]

Jeopardy! Round responses

HEY, PUMPKIN!
A WORLD TOUR
ENJOY A CONCERTO
HOLIDAYS & OBSERVANCES
SHOW BIZ MOVIES
"OUT" WITH IT
    $200 29
a carriage (coach)

Rachel
    $200 26
Victoria Falls

Rishabh
    $200 30
an organ

Jay
    $200 28
giraffe

Rachel
    $200 24
Hugh Jackman

Rachel
    $200 23
a trout

Jay
    $400 25
Linus

Jay
    $400 22
Scotland

Rachel
    $400 27
(Rishabh: Who is Haydn?)
(Rachel: Who is Bach?)
...
(Ken: Classic [*].)

Mozart

RishabhRachel
Triple Stumper
    $400 21
red

Triple Stumper
    $400 19
The Producers

Rachel
    $400 20
the lookout

Rishabh
    $600 10
a pepita

Jay
    $600 2
Scranton

Rishabh
    $600 5
(Rachel: What is [*]'s?)
(Ken: We'll take it, [*] is right.)

the Emperor Concerto

Rachel
    $600 4
Leif Erikson

Rishabh
    $600 16
Lorne Michaels

Jay
    $600 7
a waterspout

Rishabh
    $800 11
(Jay: What's a gourd?)
(Ken: Can you be more specific?)
(Jay: No.)

a (winter) squash

JayRachel
    $800 1
(Ken: In Kuala Lumpur, right.)

the Petronas Towers

Jay
    $1,000 3
(Rishabh: What is a violin?)

the harp

Rishabh
    $800 14
(Rishabh: What is the Medal of Honor?)

the Purple Heart

RishabhJay
    $800 17
Tropic Thunder

Triple Stumper
    $800 6
Wipeout ("Wipe Out")

Triple Stumper
    $1000 15
beta carotene

Triple Stumper
    $1000 9
Chichén Itzá

Rishabh
    $1000 8
Tchaikovsky

Rishabh
    $1000 13
(Ken: First woman governor, in [*].)

Wyoming

Triple Stumper
    $1000 18
Ed Wood

Jay
    $1000 12
a roundabout

Rishabh

Scores at the first commercial break (after clue 15):

Rishabh Jay Rachel
$3,000 $1,400 $1,400

Scores at the end of the Jeopardy! Round:

Rishabh Jay Rachel
$3,200 $3,800 $2,400

Double Jeopardy! Round responses

AMERICAN HISTORY
THE BOOK NOOK
ASTRONOMY
THE ____ OF THE ____
WHAT'S ON TV?
THAT'S SUCH A CLICHÉ!
    $400 17
the War of 1812

Rishabh
    $400 30
Lolita

Rishabh
    $400 26
a solar eclipse

Jay
    $400 29
the weight of the world

Jay
    $400 27
The Acolyte

Triple Stumper
    $400 25
his famous last words

Triple Stumper
    $800 13
the Marshall Plan

Rishabh
    $800 19
Little Women

Rachel
    $800 18
helium

Rishabh
    $800 21
the last of the Mohicans

Rachel
    $800 22
Asimov

Rachel
    $800 20
one hand washes the other

Rachel
    $1200 2
U-2s

Rishabh
    $1200 10
Rice

Jay
    $1200 7
astronomical unit

Rachel
    $2,600 11
(Ken: And you can move into the lead if you're aggressive and correct--what's your bet?)
(Jay: Probably not that aggressive.)
...
(Ken: Jay?)
(Jay: No response]

the Stations of the Cross

Jay
    $1200 23
One Day

Triple Stumper
    $1200 14
Et tu, Brute

Rachel
    $1600 3
savings & loan

Rachel
    $1600 1
The Silver Chair

Triple Stumper
    $1600 5
Orion

Triple Stumper
    $1600 9
the source of the Nile

Jay
    $1600 24
the Artful Dodger

Rishabh
    $1600 15
to fall from grace

Triple Stumper
    $2000 4
Mississippi

Rishabh
    $2,500 8
The English Patient

Rachel
    $2000 6
Andromeda

Rishabh
    $2000 12
the bonfire of the vanities

Rishabh
    $2000 28
(Rishabh: Who is Fred Hampton?)

Huey P. Newton

Rishabh
Triple Stumper
    $2000 16
(Rachel: What is queen for a day?)
(Rishabh: What is queen for nine days?)

a nine-days wonder

RishabhRachel
Triple Stumper

Scores at the end of the Double Jeopardy! Round:

Rishabh Jay Rachel
$10,400 $4,800 $10,100

[wagering suggestions for these scores]

Final Jeopardy! Round responses

COLLEGE TOWNS
(Ken: [To Rachel] University of Missouri and South Carolina, with campuses there.)
...
(Ken: [To Rishabh] He wrote down Fayetteville and changed it to [*] and I can read every letter.)
JayWhat are Oxford
$4,799
RachelWhat is Columbia? Hi Lucy + Sofie! ❤
$9,601
RishabhWhat is Faye C Charles Columbia
$9,801
Columbia

Final scores:

Rishabh Jay Rachel
$20,201 $1 $19,701
2-day champion: $42,402 3rd place: $2,000 2nd place: $3,000

Game dynamics:

Coryat scores:

Rishabh Jay Rachel
$11,400 $7,400 $9,600
17 R,
5 W
(including 1 DD)
12 R,
2 W
(including 1 DD)
15 R
(including 1 DD),
2 W

Combined Coryat: $28,400

[game clues] [game scores] [suggest correction]

Game tape date: 2024-09-16
The J! Archive is created by fans, for fans. Scraping, republication, monetization, and malicious use prohibited; this site may use cookies and collect identifying information. See terms. The Jeopardy! game show and all elements thereof, including but not limited to copyright and trademark thereto, are the property of Jeopardy Productions, Inc. and are protected under law. This website is not affiliated with, sponsored by, or operated by Jeopardy Productions, Inc. Join the discussion at JBoard.tv.